| 000 -LEADER |
| fixed length control field |
00540cam a22001457a 4500 |
| 008 - FIXED-LENGTH DATA ELEMENTS--GENERAL INFORMATION |
| fixed length control field |
180718b2002 xxu||||| |||| 00| 0 eng d |
| 082 ## - DEWEY DECIMAL CLASSIFICATION NUMBER |
| Classification number |
BA27x5413 J776 |
| 245 ## - TITLE STATEMENT |
| Title |
Asserting voices: changing culture, identity and livelihood of the musahars in the gangetic plains |
| Statement of responsibility, etc. |
edited by Hemant Joshi and Sanjay Kumar |
| 260 ## - PUBLICATION, DISTRIBUTION, ETC. |
| Place of publication, distribution, etc. |
Delhi |
| Name of publisher, distributor, etc. |
Deshkal |
| Date of publication, distribution, etc. |
2002 |
| 300 ## - PHYSICAL DESCRIPTION |
| Extent |
176p. |
| 650 ## - SUBJECT ADDED ENTRY--TOPICAL TERM |
| Topical term or geographic name entry element |
India --Social life and customs --Congresses. |
| 650 ## - SUBJECT ADDED ENTRY--TOPICAL TERM |
| Topical term or geographic name entry element |
Musahars --Social life and customs --Congresses |
| 700 ## - ADDED ENTRY--PERSONAL NAME |
| Personal name |
Sanjay Kumar |
| 700 ## - ADDED ENTRY--PERSONAL NAME |
| Personal name |
Joshi, Hement |